<?xml version="1.0" encoding="UTF-8"?><?xml-stylesheet type="text/xsl" href="static/style.xsl"?><OAI-PMH xmlns="http://www.openarchives.org/OAI/2.0/" xmlns:xsi="http://www.w3.org/2001/XMLSchema-instance" xsi:schemaLocation="http://www.openarchives.org/OAI/2.0/ http://www.openarchives.org/OAI/2.0/OAI-PMH.xsd"><responseDate>2026-04-14T05:25:21Z</responseDate><request verb="GetRecord" identifier="oai:www.recercat.cat:20.500.12328/5133" metadataPrefix="marc">https://recercat.cat/oai/request</request><GetRecord><record><header><identifier>oai:recercat.cat:20.500.12328/5133</identifier><datestamp>2025-11-08T13:32:17Z</datestamp><setSpec>com_2072_67741</setSpec><setSpec>col_2072_484352</setSpec></header><metadata><record xmlns="http://www.loc.gov/MARC21/slim" xmlns:dcterms="http://purl.org/dc/terms/" xmlns:xsi="http://www.w3.org/2001/XMLSchema-instance" xmlns:doc="http://www.lyncode.com/xoai" xsi:schemaLocation="http://www.loc.gov/MARC21/slim http://www.loc.gov/standards/marcxml/schema/MARC21slim.xsd">
   <leader>00925njm 22002777a 4500</leader>
   <datafield ind2=" " ind1=" " tag="042">
      <subfield code="a">dc</subfield>
   </datafield>
   <datafield ind2=" " ind1=" " tag="720">
      <subfield code="a">Ragucci, Gian Maria</subfield>
      <subfield code="e">author</subfield>
   </datafield>
   <datafield ind2=" " ind1=" " tag="720">
      <subfield code="a">Fernández Augè, Antonio</subfield>
      <subfield code="e">author</subfield>
   </datafield>
   <datafield ind2=" " ind1=" " tag="720">
      <subfield code="a">Tresserra-Parra, Anna</subfield>
      <subfield code="e">author</subfield>
   </datafield>
   <datafield ind2=" " ind1=" " tag="720">
      <subfield code="a">Elnayef, Basel</subfield>
      <subfield code="e">author</subfield>
   </datafield>
   <datafield ind2=" " ind1=" " tag="720">
      <subfield code="a">Hernandez Alfaro, Federico</subfield>
      <subfield code="e">author</subfield>
   </datafield>
   <datafield ind2=" " ind1=" " tag="260">
      <subfield code="c">2025-08-22</subfield>
   </datafield>
   <datafield ind2=" " ind1=" " tag="520">
      <subfield code="a">Background Vertical bone defects remain a challenge in implant dentistry. Titanium mesh (TM) is widely used in&#xd;
guided bone regeneration due to its ability to stabilize grafts, but it requires intraoperative adaptation, increasing&#xd;
surgical time and the risk of complications like mesh exposure. Customized titanium mesh (CTM), designed using&#xd;
CAD/CAM or 3D printing, offers a precise fit and may reduce surgical risks. This systematic review and metaanalysis aims to compare CTM and TM in terms of bone gain and complication rates in vertical ridge augmentation&#xd;
procedures.&#xd;
Materials and methods A systematic search was carried out in four electronic databases (PubMed, Cochrane&#xd;
Central, Web of Science, and Google Scholar) up to January 2025, with no time restrictions applied. Studies&#xd;
comparing customized titanium mesh (CTM) and conventional titanium mesh (TM) for vertical ridge augmentation&#xd;
were considered eligible if they included at least 10 patients and a minimum follow-up period of 6 months. The&#xd;
primary outcomes were vertical and horizontal bone gain, as well as membrane exposure. Meta-analyses and metaregressions were performed using R software.&#xd;
Results A total of 22 studies were included in the analysis (3 randomized controlled trials, 6 prospective studies, 12&#xd;
retrospective studies, and 1 cohort study), comprising 608 patients and 1,318 implants. The mean vertical bone gain&#xd;
was 6.24 mm for the TM group and 5.14 mm for the CTM group, with no statistically significant difference between&#xd;
them (P=0.628). In contrast, CTM achieved significantly greater horizontal bone gain (6.38 mm vs. 3.85 mm; P=0.004).&#xd;
Membrane exposure occurred more frequently in the TM group (30.9%) than in the CTM group (20.3%), although the&#xd;
difference was not statistically significant (P=0.721). Other complications, such as infections, were also more common&#xd;
in the TM group but did not show statistical significance.&#xd;
Conclusion Within the limitations of the included studies, CTM appears to offer comparable bone gain to TM, with&#xd;
superior horizontal bone gain and a tendency to fewer complications. The results support the potential advantages of customized mesh in clinical practice. Further randomized trials with standardized protocols and long-term follow-up&#xd;
are recommended to confirm these findings.</subfield>
   </datafield>
   <datafield ind1="8" ind2=" " tag="024">
      <subfield code="a">Ragucci, Gian Maria; Fernández Augè, Antonio; Tresserra Parra, Anna[et al.]. Comparison between CAD/CAM titanium mesh vs. conventional titanium mesh in bone regeneration: a systematic review and metaanalysis. International Journal of Implant Dentistry, 2025, 11(1), 55. Disponible en &lt;https://pubmed.ncbi.nlm.nih.gov/40844656/>. Fecha de acceso: 6 nov. 2025. DOI:  10.1186/s40729-025-00643-5</subfield>
   </datafield>
   <datafield ind1="8" ind2=" " tag="024">
      <subfield code="a">2198-4034</subfield>
   </datafield>
   <datafield ind1="8" ind2=" " tag="024">
      <subfield code="a">http://hdl.handle.net/20.500.12328/5133</subfield>
   </datafield>
   <datafield ind1="8" ind2=" " tag="024">
      <subfield code="a">https://dx.doi.org/10.1186/s40729-025-00643-5</subfield>
   </datafield>
   <datafield tag="653" ind2=" " ind1=" ">
      <subfield code="a">Titanium mesh</subfield>
   </datafield>
   <datafield tag="653" ind2=" " ind1=" ">
      <subfield code="a">CAD/CAM titanium mesh</subfield>
   </datafield>
   <datafield tag="653" ind2=" " ind1=" ">
      <subfield code="a">Guided bone regeneration</subfield>
   </datafield>
   <datafield tag="653" ind2=" " ind1=" ">
      <subfield code="a">Vertical bone augmentation</subfield>
   </datafield>
   <datafield tag="653" ind2=" " ind1=" ">
      <subfield code="a">Malla de titanio</subfield>
   </datafield>
   <datafield tag="653" ind2=" " ind1=" ">
      <subfield code="a">Malla de titanio CAD/CAM</subfield>
   </datafield>
   <datafield tag="653" ind2=" " ind1=" ">
      <subfield code="a">Regeneración ósea dirigida</subfield>
   </datafield>
   <datafield tag="653" ind2=" " ind1=" ">
      <subfield code="a">Aumento óseo vertical</subfield>
   </datafield>
   <datafield tag="653" ind2=" " ind1=" ">
      <subfield code="a">Malla de titani</subfield>
   </datafield>
   <datafield tag="653" ind2=" " ind1=" ">
      <subfield code="a">Malla de titani CAD/CAM</subfield>
   </datafield>
   <datafield tag="653" ind2=" " ind1=" ">
      <subfield code="a">Regeneració òssia dirigida</subfield>
   </datafield>
   <datafield tag="653" ind2=" " ind1=" ">
      <subfield code="a">Augment ossi vertical</subfield>
   </datafield>
   <datafield ind2="0" ind1="0" tag="245">
      <subfield code="a">Comparison between CAD/CAM titanium mesh vs. conventional titanium mesh in bone regeneration: a systematic review and meta-analysis</subfield>
   </datafield>
</record></metadata></record></GetRecord></OAI-PMH>